000 00552nam a22001937a 4500
003 KOHA_MİRAKIL
005 20251112145222.0
008 251112b tu ||||| |||| 00| 0 tur d
020 _a9786054708185
040 _aTR-AnABB
_btur
_cTR-AnABB
041 _atur
082 _a828.3354
_bFIS 2021
100 1 _aFisher, Rudolph John Chauncey,
245 1 0 _aBüyücünün ölümü /
_cRudolph Fisher
260 _aİstanbul :
_bDedalus Kitap,
_c2021
300 _a293 sayfa ;
_c20 cm
650 0 4 _aAmerikan edebiyatı, roman
942 _2ddc
_cBK
999 _c9371
_d9371
900 _bGizem YORULMAZ